[Event "Gdansk-ch 8th"]
[Site "Gdansk"]
[Date "2006.07.29"]
[Round "8"]
[White "Kapica, Wlodzimierz"]
[Black "Nersesjan, Grzegorz"]
[Result "1/2-1/2"]
[WhiteElo "2048"]
[BlackElo "1924"]
[PlyCount "67"]
[EventDate "2006.07.23"]
[EventType "swiss"]
[EventRounds "9"]
[EventCountry "POL"]
[SourceTitle "EXT 2008"]
[Source "ChessBase"]
[SourceDate "2007.11.25"]
[SourceVersion "1"]
[SourceVersionDate "2007.11.25"]
[SourceQuality "1"]

1. e4 c5 2. Nf3 d6 3. d4 cxd4 4. Qxd4 a6 5. c4 Nc6 6. Qd2 g6 7. Nc3 Bg7 8. b3 Nf6 9. Bb2 0-0 10. Be2 Bg4 11. 0-0 Qa5 12. Qc2 Bxf3 13. Bxf3 Nd4 14. Qd3 Nd7 15. Bd1 Nc5 16. Qe3 f5 17. Qd2 fxe4 18. Nxe4 Qxd2 19. Nxd2 Nd3 20. Bc3 Nf3+ 21. Bxf3 Bxc3 22. Rad1 Nc5 23. Ne4 Nxe4 24. Bxe4 Rab8 25. Rd3 Bb4 26. Bd5+ Kg7 27. f4 Bc5+ 28. Kh1 e5 29. g3 exf4 30. gxf4 b6 31. Kg2 Rbe8 32. a4 Re2+ 33. Kg3 a5 34. h3 1/2-1/2

[Event "Gdansk-ch 8th"]
[Site "Gdansk"]
[Date "2006.07.25"]
[Round "4"]
[White "Nersesjan, Grzegorz"]
[Black "Wrzesinski, Bartosz"]
[Result "1-0"]
[WhiteElo "1924"]
[BlackElo "2022"]
[PlyCount "83"]
[EventDate "2006.07.23"]
[EventType "swiss"]
[EventRounds "9"]
[EventCountry "POL"]
[SourceTitle "EXT 2008"]
[Source "ChessBase"]
[SourceDate "2007.11.25"]
[SourceVersion "1"]
[SourceVersionDate "2007.11.25"]
[SourceQuality "1"]

1. d4 d5 2. c4 c6 3. Nc3 Nf6 4. Nf3 e6 5. Bg5 Be7 6. e3 Nbd7 7. Bd3 h6 8. Bh4 0-0 9. 0-0 dxc4 10. Bxc4 b5 11. Bb3 Bb7 12. Qe2 a5 13. a3 Ba6 14. Nb1 Nb6 15. Nbd2 Nfd7 16. Bg3 c5 17. dxc5 Nxc5 18. Rfd1 Qc8 19. Nd4 b4 20. Bc4 Nxc4 21. Nxc4 bxa3 22. bxa3 Na4 23. Rdc1 Bf6 24. Qc2 Qd7 25. Ne5 Bxe5 26. Bxe5 Rac8 27. Qd2 Qd5 28. Bc7 Bb7 29. Nf3 Qh5 30. Qxa5 Bxf3 31. gxf3 Qg6+ 32. Kh1 Nb2 33. Qd2 Nd3 34. Rc3 Rfd8 35. e4 Qf6 36. Bxd8 Qxf3+ 37. Kg1 Rxc3 38. Qe3 Qg4+ 39. Qg3 Qxe4 40. Bf6 g5 41. Bxc3 Nf4 42. Re1 1-0

[Event "Gdansk-ch 8th"]
[Site "Gdansk"]
[Date "2006.07.24"]
[Round "3"]
[White "Nersesjan, Grzegorz"]
[Black "Hasinski, Krystian"]
[Result "0-1"]
[WhiteElo "1924"]
[BlackElo "2060"]
[PlyCount "77"]
[EventDate "2006.07.23"]
[EventType "swiss"]
[EventRounds "9"]
[EventCountry "POL"]
[SourceTitle "EXT 2008"]
[Source "ChessBase"]
[SourceDate "2007.11.25"]
[SourceVersion "1"]
[SourceVersionDate "2007.11.25"]
[SourceQuality "1"]

1. d4 d5 2. c4 c6 3. Nc3 Nf6 4. Nf3 e6 5. Bg5 Nbd7 6. e3 Qa5 7. Qb3 Bb4 8. Rc1 Ne4 9. Bf4 dxc4 10. Bxc4 Nb6 11. Bd3 Nxc3 12. bxc3 Ba3 13. Rc2 Nd5 14. Be5 f6 15. Bg3 0-0 16. 0-0 Be7 17. e4 Nb6 18. Bc7 Qa4 19. Qxa4 Nxa4 20. Rb1 Rf7 21. Bc4 Bf8 22. Ba5 b5 23. Bb3 Nb6 24. Bxb6 axb6 25. d5 exd5 26. exd5 Bf5 27. dxc6 Bxc2 28. Bxc2 Rc7 29. Kf1 Bc5 30. Rxb5 Ra5 31. Rb1 Rxc6 32. Rd1 g6 33. Rd7 Rd6 34. Bb3+ Kh8 35. Rc7 Ra8 36. g4 Rd3 37. Kg2 Re8 38. Rf7 Rd6 39. g5 0-1

[Event "Gdansk-chA 7th"]
[Site "Gdansk"]
[Date "2005.11.20"]
[Round "9"]
[White "Nersesjan, Grzegorz"]
[Black "Jalinski, Robert"]
[Result "1-0"]
[WhiteElo "1878"]
[BlackElo "2010"]
[PlyCount "64"]
[EventDate "2005.11.05"]
[EventType "swiss"]
[EventRounds "9"]
[EventCountry "POL"]
[SourceTitle "EXT 2008"]
[Source "ChessBase"]
[SourceDate "2007.11.25"]
[SourceVersion "1"]
[SourceVersionDate "2007.11.25"]
[SourceQuality "1"]

1. d4 d5 2. c4 e6 3. Nc3 Nf6 4. Bg5 Be7 5. Nf3 h6 6. Bh4 0-0 7. e3 b6 8. cxd5 exd5 9. Bd3 Bb7 10. Rc1 Nbd7 11. 0-0 Ne4 12. Bxe7 Qxe7 13. Qe2 Nxc3 14. bxc3 c6 15. c4 Rac8 16. Rc2 dxc4 17. Bxc4 b5 18. Bd3 a6 19. Bf5 g6 20. Bxd7 Qxd7 21. Rc5 f6 22. Rfc1 Rfe8 23. Qc2 Kf7 24. Nd2 h5 25. Nb3 Qd8 26. Qc3 Re6 27. Na5 Qb6 28. d5 Rd6 29. Nxb7 Qxb7 30. Rxc6 Rdxc6 31. dxc6 Qc7 32. Qc5 Ke8 1-0

[Event "Gdansk-chA 7th"]
[Site "Gdansk"]
[Date "2005.11.05"]
[Round "1"]
[White "Nersesjan, Grzegorz"]
[Black "Pioch, Zygmunt"]
[Result "0-1"]
[WhiteElo "1878"]
[BlackElo "2213"]
[PlyCount "91"]
[EventDate "2005.11.05"]
[EventType "swiss"]
[EventRounds "9"]
[EventCountry "POL"]
[SourceTitle "EXT 2008"]
[Source "ChessBase"]
[SourceDate "2007.11.25"]
[SourceVersion "1"]
[SourceVersionDate "2007.11.25"]
[SourceQuality "1"]

1. e4 e5 2. Nf3 Nc6 3. d4 exd4 4. Nxd4 Bc5 5. Be3 Qf6 6. c3 Nge7 7. Nc2 Bxe3 8. Nxe3 d6 9. Nd2 0-0 10. Bc4 Ne5 11. Be2 N5g6 12. g3 Bh3 13. Qc2 Rfe8 14. Bf1 Bxf1 15. Rxf1 Qe6 16. Qb3 Qxb3 17. Nxb3 f5 18. Nd2 d5 19. exf5 Nxf5 20. Ke2 Re7 21. Rfe1 Rae8 22. Ndf1 c5 23. Kd2 Ne5 24. Ke2 Nc4 25. Kf3 Nfxe3 26. fxe3 Nxb2 27. Rab1 Nc4 28. Rbd1 Re5 29. Re2 h5 30. Rde1 Re4 31. Nd2 Nxd2+ 32. Rxd2 d4 33. cxd4 cxd4 34. Red1 dxe3 35. Re2 g5 36. Rd7 g4+ 37. Kg2 R8e7 38. Rd5 R4e5 39. Rd3 Kg7 40. h3 Kf6 41. hxg4 hxg4 42. Rd4 Kg5 43. Rd8 Kf5 44. Rf8+ Ke4 45. Rd8 b5 46. Rd1 0-1

[Event "Torun op"]
[Site "Torun"]
[Date "2002.??.??"]
[Round "7"]
[White "Tarkowski, Michal"]
[Black "Nersesjan, Grzegorz"]
[Result "1-0"]
[WhiteElo "1800"]
[BlackElo "1600"]
[PlyCount "63"]
[EventDate "2002.??.??"]
[EventType "swiss"]
[EventRounds "9"]
[EventCountry "POL"]
[SourceTitle "EXT 2007"]
[Source "ChessBase"]
[SourceDate "2006.11.23"]
[SourceVersion "1"]
[SourceVersionDate "2006.11.23"]
[SourceQuality "1"]

1. d4 Nf6 2. c4 g6 3. Nc3 Bg7 4. Nf3 d6 5. Bg5 Nbd7 6. e3 0-0 7. Be2 e5 8. Qc2 Re8 9. Rd1 c6 10. 0-0 Qc7 11. dxe5 dxe5 12. Nd2 Nb6 13. b4 Be6 14. Bxf6 Bxf6 15. Nde4 Be7 16. c5 Nd5 17. a3 Rad8 18. Nd2 Bf6 19. Nce4 Be7 20. Nc4 Bf5 21. Bd3 Bxe4 22. Bxe4 Rd7 23. Rc1 Bf8 24. Rfd1 Red8 25. g3 Nf6 26. Rxd7 Rxd7 27. Bg2 Nd5 28. Rd1 f6 29. Qd2 Kg7 30. e4 Nc3 31. Qxd7+ Qxd7 32. Rxd7+ 1-0

[Event "Torun op"]
[Site "Torun"]
[Date "2002.??.??"]
[Round "2"]
[White "Wojciechowski, Robert"]
[Black "Nersesjan, Grzegorz"]
[Result "1/2-1/2"]
[WhiteElo "1800"]
[BlackElo "1600"]
[PlyCount "45"]
[EventDate "2002.??.??"]
[EventType "swiss"]
[EventRounds "9"]
[EventCountry "POL"]
[SourceTitle "EXT 2007"]
[Source "ChessBase"]
[SourceDate "2006.11.23"]
[SourceVersion "1"]
[SourceVersionDate "2006.11.23"]
[SourceQuality "1"]

1. d4 Nf6 2. c4 g6 3. Nc3 Bg7 4. Nf3 d6 5. e4 0-0 6. Be2 Nbd7 7. 0-0 c5 8. d5 Nb6 9. h3 Re8 10. Qc2 e6 11. Bd3 e5 12. a3 a6 13. Be3 Nbd7 14. Qd2 Rb8 15. Rfb1 Qc7 16. Qe2 Nf8 17. Nd2 Rd8 18. b4 b6 19. Ra2 Bd7 20. Rab2 Be8 21. Bc2 Ra8 22. Bg5 Rdb8 23. Rb3 1/2-1/2